تاريخ مصر : (Record no. 24960)
[ view plain ]
| 000 -الفاتح | |
|---|---|
| حقل البيانات ثابتة الطول | 02053nam a2200337 i 4500 |
| 003 - محدد رقم الضبط | |
| رقم الضبط | EG-ScBUE |
| 005 - وقت وتاريخ اخر تعامل مع التسجيلة | |
| رقم الضبط | 20240225115237.0 |
| 008 - عناصر البيانات ثابتة الطول - معلومات عامة | |
| حقل البيانات ثابتة الطول | 170615s2006 ua a f b 000 0 ara d |
| 017 ## - رقم الإيداع القانونى | |
| رقم الإيداع القانونى | 2005 / 13437 |
| 020 ## - الرقم الدولى المعيارى للكتب | |
| الرقم الدولى المعيارى للكتاب | 9772085496 |
| 040 ## - مصدر الفهرسة | |
| وكالة الفهرسة الأصلية | EG-ScBUE |
| لغة الفهرسة | ara |
| قواعد الوصف | rda |
| وكالة النسخ | EG-ScBUE |
| وكالة التعديل | EG-ScBUE |
| 043 ## - رمز المنطقة الجغرافية | |
| رمز المنطقة الجغرافية | f-ua--- |
| 082 04 - رقم تصنيف ديوى العشرى | |
| رقم المادة | ت ا ر |
| رقم التصنيف | 962 |
| رقم الطبعة | 22 |
| 245 00 - بيان العنوان | |
| العنوان | تاريخ مصر : |
| بقية العنوان | من بدايات القرن الأول الميلادي حتى نهاية القرن العشرين : من خلال مخطوطة تاريخ البطاركة لساويرس بن المقفع / |
| بيان المسئوليه,etc | إعداد وتحقيق عبد العزيز جمال الدين. |
| 250 ## - بيان الطبعة | |
| بيان الطبعة | الطبعة الأولى. |
| 264 #1 - النشر، التوزيع | |
| مكان الناشر او الموزع | القاهرة : |
| اسم الناشر او الموزع | مكتبة مدبولي، |
| تاريخ النشر أو التوزيع | 2006. |
| 300 ## - الوصف المادى | |
| التعداد | 4 مجلد في 6 أجزاء. : |
| تفاصيل ماديه اخرى للوعاء | إيضاحيات ؛ |
| أبعاد الوعاء | 24 سم |
| 336 ## - نوع المحتوى | |
| source | rdacontent |
| Carrier Type Term | نص |
| Content Type Code | txt |
| 337 ## - نوع الوسيط | |
| Media Type Term | بدون وسيط |
| source | rdamedia |
| Media Type Code | n |
| 338 ## - نوع الحامل أو الناقل | |
| Carrier Type Term | مجلد |
| Carrier Type Code | nc |
| source | rdacarrier |
| 504 ## - تبصرة ببليوجرافية | |
| تبصرة ببليوجرافية,الخ | يشتمل على إرجاعات ببليوجرافية. |
| 505 0# - تبصرة محتويات-الفهرس | |
| تبصرة المحتويات المصاغة | المجلد الأول. من مارمرقس حتى البطرك 38 بنيامين الأول 622 / 661 م. -- المجلد الثاني. من البطرك 39 أغاتون 661 / 677 م حتى البطرك 52 يوساب 830 / 849 م. -- المجلد الثالث. الجزء الأول والثاني. من خايال الثاني [849 / 851 م.] إلى يوحنا [1189 / 1216 م.] -- المجلد الرابع. الجزء الأول والثاني من سنة 1216 م. حتى نهاية القرن العشرين. |
| 650 #7 - المدخل الاضافى بالموضوع-مصطلح موضوعى | |
| مصطلح موضوعي أو اسم جغرافي كعنصر مدخل | البطاركة |
| التقسيم الفرعي الجغرافي | مصر |
| التقسيم الفرعي العام | تاريخ. |
| مصدر الرأس أو المصطلح | BUEsh |
| 651 #7 - المدخل الاضافى بالموضوع - اسم جغرافى | |
| الاسم الجغرافي | مصر |
| التقسيم الفرعي العام | تاريخ |
| التقسيم الفرعي الزمني | العصر القبطي، 342-642. |
| مصدر الرأس أو المصطلح | BUEsh |
| 653 ## - مصطلح تكشيفى غير مقيد | |
| Resource For college | Engineering, General |
| Arrived date list | July2017 |
| 655 ## - مصطلح تكشيفى-نوع/شكل | |
| التقسيم الفرعي الشكلي | Reading book |
| 700 1# - المدخل الاضافى - اسم شخصى | |
| الإسم الشخصى | جمال الدين، عبد العزيز، |
| الدور | معد. |
| 700 02 - المدخل الاضافى - اسم شخصى | |
| الإسم الشخصى | ساويرس بن المقفع، |
| العنوان والكلمات الأخرى المصاحبة للاسم | أسقف الأسمونين، |
| التواريخ المصاحبة للاسم | ن. 955-987 |
| عنوان العمل | تاريخ بطاركة الكنيسة المصرية. |
| 740 02 - المدخل الاضافى - عنوان مرتبط/تحليلى غير مقيد | |
| العنوان التحليلي/ الرابط غير مقيد | تاريخ بطاركة الكنيسة المصرية. |
| 942 ## - عناصر المدخل الإضافي( كوها) | |
| مصدر التصنيف او مخطط الترفيف | Dewey Decimal Classification |
| حالة التراجع | حالة الفقد | مصدر التصنيف او خطة الترفيف | حالة تلف | ليس للاعارة | مجموعات كوها | المكان الدائم | المكان الحالي | موقع الترفيف | تاريخ الاكتساب | Source of acquisition | سعر الشراء الطبيعي | تعداد مسلسل / التسلسل الزمني | رقم الاستدعاء | الباركود | Date last seen | مُعار | التكلفة | تبصرة غير عامة( المفوع للعناصر المفقوده) | نوع الوعاء | تبصرة عامة |
|---|---|---|---|---|---|---|---|---|---|---|---|---|---|---|---|---|---|---|---|---|
| Dewey Decimal Classification | Madboly | Central Library | Central Library | Second Floor | 02/07/2017 | Purchase | 500.00 | 04183 | ت ا ر 962 | 000041964 | 15/07/2025 | 21/01/2018 | 625.00 | السعر يشمل 6 مجلدات | Book - Borrowing | مج. 1. | ||||
| Dewey Decimal Classification | Madboly | Central Library | Central Library | Second Floor | 02/07/2017 | Purchase | 500.00 | 04183 | ت ا ر 962 | 000041965 | 15/07/2025 | 625.00 | Book - Borrowing | مج. 2. | ||||||
| Dewey Decimal Classification | Madboly | Central Library | Central Library | Second Floor | 02/07/2017 | Purchase | 500.00 | 04183 | ت ا ر 962 | 000041966 | 15/07/2025 | 625.00 | Book - Borrowing | مج. 3، ج. 1. | ||||||
| Dewey Decimal Classification | Madboly | Central Library | Central Library | Second Floor | 02/07/2017 | Purchase | 500.00 | 04183 | ت ا ر 962 | 000041967 | 15/07/2025 | 625.00 | Book - Borrowing | مج. 3، ج. 2. | ||||||
| Dewey Decimal Classification | Madboly | Central Library | Central Library | Second Floor | 02/07/2017 | Purchase | 500.00 | 04183 | ت ا ر 962 | 000041968 | 15/07/2025 | 625.00 | Book - Borrowing | مج. 4، ج. 1. | ||||||
| Dewey Decimal Classification | Madboly | Central Library | Central Library | Second Floor | 02/07/2017 | Purchase | 500.00 | 04183 | ت ا ر 962 | 000041969 | 15/07/2025 | 625.00 | Book - Borrowing | مج. 4، ج. 2. | ||||||
| Dewey Decimal Classification | Madboly | Central Library | Central Library | Second Floor | 02/07/2017 | Purchase | 500.00 | 04183 | ت ا ر 962 | 000041970 | 15/07/2025 | 625.00 | Book - Borrowing | مج. 4، ج. 1. | ||||||
| Dewey Decimal Classification | Madboly | Central Library | Central Library | Second Floor | 02/07/2017 | Purchase | 500.00 | 04183 | ت ا ر 962 | 000041972 | 15/07/2025 | 625.00 | Book - Borrowing | مج. 3، ج. 1. | ||||||
| Dewey Decimal Classification | Madboly | Central Library | Central Library | Second Floor | 02/07/2017 | Purchase | 500.00 | 04183 | ت ا ر 962 | 000041973 | 15/07/2025 | 625.00 | Book - Borrowing | مج. 3، ج. 2. | ||||||
| Dewey Decimal Classification | Madboly | Central Library | Central Library | Second Floor | 02/07/2017 | Purchase | 500.00 | 04183 | ت ا ر 962 | 000041974 | 15/07/2025 | 625.00 | Book - Borrowing | مج. 1. | ||||||
| Dewey Decimal Classification | Madboly | Central Library | Central Library | Second Floor | 02/07/2017 | Purchase | 500.00 | 04183 | ت ا ر 962 | 000041975 | 15/07/2025 | 625.00 | Book - Borrowing | مج. 2. | ||||||
| Dewey Decimal Classification | Madboly | Central Library | Central Library | Second Floor | 10/07/2017 | Purchase | 500.00 | 04183 | 962 ت ا ر | 000041971 | 15/07/2025 | 625.00 | Book - Borrowing | مج. 4، ج. 2. |